| 000 | 00623nam a22002177a 4500 | ||
|---|---|---|---|
| 003 | UA-OsUOA | ||
| 001 | 50718 | ||
| 007 | ta | ||
| 008 | 20071123b un ||||| |||| 00| 0 ukr d | ||
| 100 | _aСелігей П.О. | ||
| 090 |
_a81 _bС-12 |
||
| 942 | _cSA | ||
| 040 |
_aUA-OsUOA _bukr _cUA-OsUOA _dUA-OsUOA |
||
| 245 | _aСучасне термінотворення: симптоми та синдроми | ||
| 300 | _aС.48-62 | ||
| 955 | _a0 | ||
| 041 | _aukr | ||
| 080 | _a81 | ||
| 773 | 0 | _w50717 | |
| 650 | 7 |
_a8 Мовознавство. Художня література. Літературознавство _2UDC |
|
| 999 |
_c336812 _d336812 |
||